[Event "Montreal Choc des Generations"]
[Site "Montreal"]
[Date "2019.03.31"]
[Round "4.1"]
[White "Nikulich, Oleksandr"]
[Black "Li, Yilin"]
[Result "1-0"]
[WhiteElo "1986"]
[BlackElo "1924"]
[PlyCount "61"]
[EventDate "2019.03.29"]
[EventType "swiss"]
[EventRounds "5"]
[EventCountry "CAN"]
[SourceTitle "EXT 2022"]
[Source "ChessBase"]
[SourceDate "2021.10.06"]
[SourceVersion "1"]
[SourceVersionDate "2021.10.06"]
[SourceQuality "1"]

1. d4 d5 2. c4 e6 3. Nf3 Nf6 4. e3 Nbd7 5. a3 c6 6. Bd3 dxc4 7. Bxc4 b5 8. Ba2 Bd6 9. 0-0 0-0 10. Nc3 a6 11. e4 e5 12. Bg5 Re8 13. Qb3 Qe7 14. Rad1 h6 15. Bh4 Ra7 16. Kh1 Rc7 17. Qc2 exd4 18. Nxd4 Be5 19. f4 Bxd4 20. Rxd4 Qc5 21. Bf2 Qh5 22. e5 Ng4 23. Bg1 Bb7 24. Rfd1 Nf8 25. Ne4 c5 26. Nxc5 Qh3 27. Nxb7 Qxh2+ 28. Bxh2 Rxc2 29. R4d2 Nf2+ 30. Kg1 Nxd1 31. Rxc2 1-0

[Event "Montreal Choc des Generations"]
[Site "Montreal"]
[Date "2019.03.31"]
[Round "5.3"]
[White "Tanaka, Taira Tyler"]
[Black "Nikulich, Oleksandr"]
[Result "1/2-1/2"]
[WhiteElo "1951"]
[BlackElo "1986"]
[PlyCount "49"]
[EventDate "2019.03.29"]
[EventType "swiss"]
[EventRounds "5"]
[EventCountry "CAN"]
[SourceTitle "EXT 2022"]
[Source "ChessBase"]
[SourceDate "2021.10.06"]
[SourceVersion "1"]
[SourceVersionDate "2021.10.06"]
[SourceQuality "1"]

1. e4 c6 2. Nc3 d5 3. Nf3 dxe4 4. Nxe4 Nf6 5. Qe2 Nxe4 6. Qxe4 Nd7 7. Bc4 e6 8. 0-0 Be7 9. d4 Qa5 10. Ne5 Nxe5 11. dxe5 Bd7 12. c3 Qc7 13. a4 c5 14. Rd1 Bc6 15. Bb5 Rd8 16. Rxd8+ Kxd8 17. Bxc6 Qxc6 18. Qxc6 bxc6 19. Be3 Kc7 20. Rd1 Rb8 21. Rd2 Rb6 22. Kf1 Ra6 23. b3 c4 24. b4 Rxa4 25. Rd4 1/2-1/2

[Event "Montreal Choc des Generations"]
[Site "Montreal"]
[Date "2019.03.29"]
[Round "1.4"]
[White "Durette, Francis"]
[Black "Nikulich, Oleksandr"]
[Result "1/2-1/2"]
[WhiteElo "2011"]
[BlackElo "1986"]
[PlyCount "74"]
[EventDate "2019.03.29"]
[EventType "swiss"]
[EventRounds "5"]
[EventCountry "CAN"]
[SourceTitle "EXT 2022"]
[Source "ChessBase"]
[SourceDate "2021.10.06"]
[SourceVersion "1"]
[SourceVersionDate "2021.10.06"]
[SourceQuality "1"]

1. Nf3 d5 2. c4 e6 3. d4 Nf6 4. g3 Be7 5. Bg2 0-0 6. 0-0 c6 7. b3 Nbd7 8. Nbd2 Qa5 9. Bb2 Rd8 10. Qc2 Nf8 11. Ne5 c5 12. dxc5 Bxc5 13. Nd3 Be7 14. e4 dxe4 15. Nxe4 Nxe4 16. Bxe4 Qc7 17. Nf4 Bd6 18. Ne2 Bd7 19. Qc3 f6 20. Nd4 Be8 21. Rad1 a6 22. b4 Be5 23. Qb3 Bf7 24. f4 Bxd4+ 25. Bxd4 Rac8 26. Bc5 b6 27. Bxf8 Kxf8 28. Qc2 Rxd1 29. Rxd1 h6 30. Rc1 e5 31. Bf5 Rd8 32. c5 exf4 33. cxb6 Qxb6+ 34. Qc5+ Rd6 35. Qxb6 Rxb6 36. Rc8+ Ke7 37. Rc7+ Kf8 1/2-1/2

[Event "Montreal Mercredi 10"]
[Site "Montreal"]
[Date "2018.10.24"]
[Round "3"]
[White "Nikulich, Oleksandr"]
[Black "Rodrigue Lemieux, Shawn"]
[Result "0-1"]
[WhiteElo "2081"]
[BlackElo "2321"]
[PlyCount "108"]
[EventDate "2018.10.10"]
[EventType "swiss"]
[EventRounds "5"]
[EventCountry "CAN"]
[SourceTitle "EXT 2022"]
[Source "ChessBase"]
[SourceDate "2021.10.06"]
[SourceVersion "1"]
[SourceVersionDate "2021.10.06"]
[SourceQuality "1"]

1. e4 c6 2. d4 d5 3. exd5 cxd5 4. c4 Nf6 5. Nc3 Nc6 6. Nf3 e6 7. cxd5 Nxd5 8. Bd3 Bb4 9. Bd2 0-0 10. 0-0 Be7 11. a3 Bf6 12. Bc1 g6 13. Bh6 Re8 14. Be4 Nce7 15. Qd2 Nf5 16. Nxd5 exd5 17. Bxf5 Bxf5 18. Bg5 Bxg5 19. Nxg5 f6 20. Nf3 Bg4 21. Rfe1 Bxf3 22. gxf3 Qd6 23. Re3 Rxe3 24. Qxe3 Kg7 25. Re1 Rf8 26. Qe6 Qd8 27. Qe7+ Qxe7 28. Rxe7+ Rf7 29. Re8 Rd7 30. Kf1 Kf7 31. Rc8 Ke6 32. Ke2 Kf5 33. Rf8 Kg5 34. Kf1 f5 35. Kg2 Kf4 36. h4 a6 37. Rf6 g5 38. h5 Rg7 39. h6 Rd7 40. Rf8 Rd6 41. Rf7 Rxh6 42. Rxb7 g4 43. fxg4 fxg4 44. Re7 Rh3 45. Re5 Rb3 46. Rxd5 g3 47. Rd6 Rxb2 48. Rxa6 Rxf2+ 49. Kg1 h5 50. Rf6+ Ke3 51. Rg6 h4 52. Rh6 Rc2 53. d5 h3 54. Rxh3 Kf3 0-1

[Event "Montreal Mercredi 08"]
[Site "Montreal"]
[Date "2018.09.19"]
[Round "4"]
[White "Nikulich, Oleksandr"]
[Black "Tremblay, Alain"]
[Result "1-0"]
[WhiteElo "2097"]
[BlackElo "2128"]
[PlyCount "91"]
[EventDate "2018.08.29"]
[EventType "swiss"]
[EventRounds "5"]
[EventCountry "CAN"]
[SourceTitle "EXT 2022"]
[Source "ChessBase"]
[SourceDate "2021.10.06"]
[SourceVersion "1"]
[SourceVersionDate "2021.10.06"]
[SourceQuality "1"]

1. c4 d6 2. d4 g6 3. Nc3 Bg7 4. Nf3 Nf6 5. Bg5 0-0 6. e3 c5 7. Be2 Qa5 8. 0-0 Nbd7 9. Qc2 a6 10. a3 cxd4 11. exd4 e5 12. Bh4 exd4 13. Nxd4 Qb6 14. Rad1 Ne5 15. h3 Be6 16. Nxe6 fxe6 17. Ne4 Nxe4 18. Qxe4 Rae8 19. b4 Rf7 20. Kh1 g5 21. Bg3 Rf5 22. Bg4 Nxg4 23. hxg4 Rf4 24. Bxf4 gxf4 25. Rd3 e5 26. Qd5+ Kh8 27. Qxd6 Qa7 28. Rh3 Qb8 29. Qg6 h6 30. g5 Qd8 31. gxh6 Bf6 32. h7 Qe7 33. Rd1 Rf8 34. Qg4 Rd8 35. Rhd3 Rf8 36. Rd7 Qe8 37. Rxb7 e4 38. Rb6 e3 39. fxe3 fxe3 40. Re1 Bc3 41. Re2 Qd8 42. Rg6 Qd1+ 43. Kh2 Be5+ 44. g3 Rf2+ 45. Rxf2 Qxg4 46. Rf8+ 1-0

[Event "Montreal Mercredi 05"]
[Site "Montreal"]
[Date "2018.05.30"]
[Round "4"]
[White "Nikulich, Oleksandr"]
[Black "Zheng, Richard"]
[Result "1-0"]
[WhiteElo "2046"]
[BlackElo "2078"]
[PlyCount "73"]
[EventDate "2018.05.09"]
[EventType "swiss"]
[EventRounds "5"]
[EventCountry "CAN"]
[SourceTitle "EXT 2022"]
[Source "ChessBase"]
[SourceDate "2021.10.06"]
[SourceVersion "1"]
[SourceVersionDate "2021.10.06"]
[SourceQuality "1"]

1. d4 f5 2. g3 d5 3. Nf3 e6 4. Bg2 Nf6 5. Nbd2 c5 6. 0-0 Nc6 7. e3 Bd6 8. b3 b6 9. Bb2 0-0 10. c4 Bb7 11. Qc2 Ne4 12. Rad1 Qe7 13. Ne1 Rfd8 14. Nd3 Nb4 15. Nxb4 cxb4 16. Nxe4 fxe4 17. Rd2 Rac8 18. Rc1 a5 19. Qd1 Ba6 20. Rdc2 Rc7 21. Qg4 Rdc8 22. Bh3 Kf7 23. c5 Qf6 24. f3 g6 25. fxe4 h5 26. Qd1 Qg5 27. cxd6 Rxc2 28. Rxc2 Qxe3+ 29. Rf2+ Kg7 30. Qf3 Qe1+ 31. Bf1 dxe4 32. d5+ Kh6 33. Qf4+ Kh7 34. Qf7+ Kh6 35. Bg7+ Kh7 36. Bf6+ Kh6 37. Qg7# 1-0

[Event "Montreal Mercredi 05"]
[Site "Montreal"]
[Date "2018.05.16"]
[Round "2"]
[White "Nunez, Omar"]
[Black "Nikulich, Oleksandr"]
[Result "0-1"]
[WhiteElo "1970"]
[BlackElo "2046"]
[PlyCount "112"]
[EventDate "2018.05.09"]
[EventType "swiss"]
[EventRounds "5"]
[EventCountry "CAN"]
[SourceTitle "EXT 2022"]
[Source "ChessBase"]
[SourceDate "2021.10.06"]
[SourceVersion "1"]
[SourceVersionDate "2021.10.06"]
[SourceQuality "1"]

1. e4 e5 2. d4 exd4 3. Qxd4 Nc6 4. Qa4 Nf6 5. Nf3 Bb4+ 6. c3 Bc5 7. Bg5 Qe7 8. Nbd2 h6 9. Bh4 g5 10. Bg3 d5 11. 0-0-0 dxe4 12. Bb5 0-0 13. Bxc6 bxc6 14. Ne5 e3 15. fxe3 Bxe3 16. Rhe1 Qc5 17. Nd3 Qb6 18. Kc2 Bxd2 19. Rxd2 Bf5 20. Kc1 Bg6 21. Ne5 Qb5 22. Qa3 Bh5 23. Rf2 Nd5 24. c4 Qb4 25. Qxb4 Nxb4 26. a3 Na6 27. Nxc6 Nc5 28. Kd2 Rfe8 29. Be5 Re6 30. Nd4 Rd8 31. Kc3 Ree8 32. Bxc7 Rxe1 33. Rf5 Rxd4 34. Rxc5 Rde4 35. Bg3 Rc1+ 36. Kb4 Bg6 37. Bb8 Re2 38. b3 Rb1 39. Bxa7 Bc2 40. Rc8+ Kh7 41. Rc7 Rxb3+ 42. Kc5 Kg6 43. g4 Re5+ 44. Kd4 f6 45. c5 Rxa3 46. Bb8 Re8 47. Ba7 Ra6 48. Bb6 Re6 49. Rb7 Be4 50. Rc7 Bf3 51. h3 Raxb6 52. cxb6 Rxb6 53. Rc3 Bg2 54. Rg3 Rb2 55. Rc3 h5 56. Ke3 Bxh3 0-1

[Event "Montreal Mercredi 01"]
[Site "Montreal"]
[Date "2018.01.17"]
[Round "2"]
[White "Nikulich, Oleksandr"]
[Black "Have, Didier"]
[Result "1-0"]
[WhiteElo "2037"]
[BlackElo "2069"]
[PlyCount "119"]
[EventDate "2018.01.10"]
[EventType "swiss"]
[EventRounds "5"]
[EventCountry "CAN"]
[SourceTitle "EXT 2022"]
[Source "ChessBase"]
[SourceDate "2021.10.06"]
[SourceVersion "1"]
[SourceVersionDate "2021.10.06"]
[SourceQuality "1"]

1. e4 d6 2. d4 Nf6 3. Bd3 e5 4. c3 d5 5. dxe5 Nxe4 6. Bxe4 dxe4 7. Qa4+ Bd7 8. Qxe4 Bc6 9. Qg4 h5 10. Qh3 Nd7 11. Nf3 Qe7 12. 0-0 0-0-0 13. Bg5 f6 14. exf6 gxf6 15. Re1 Qf7 16. Bf4 Rg8 17. Nbd2 Rg4 18. Bg3 Bh6 19. Nb3 Rdg8 20. Nbd4 f5 21. Nxc6 bxc6 22. Ne5 Nxe5 23. Rxe5 h4 24. f3 R4g5 25. Qxh4 Bf8 26. Rae1 Bd6 27. Re8+ Rxe8 28. Rxe8+ Qxe8 29. Qxg5 Bc5+ 30. Kh1 Qd7 31. Qc1 Qd3 32. Bf4 Qc4 33. a3 Qe2 34. h3 Kb7 35. b4 Bf2 36. c4 Be1 37. Qe3 Qf1+ 38. Qg1 Qe2 39. Be3 a6 40. Bc5 Bg3 41. Qc1 Be1 42. Bg1 Qe5 43. Qe3 Qa1 44. Qa7+ Kc8 45. Qxa6+ Kd7 46. Qa7 Bc3 47. b5 cxb5 48. cxb5 Kd6 49. Qc5+ Kd7 50. Qxf5+ Ke7 51. Qc5+ Kd7 52. a4 Kc8 53. b6 Be5 54. a5 Bd6 55. Qb5 cxb6 56. Qc6+ Kb8 57. Qxd6+ Ka8 58. Qxb6 Qg7 59. Qa6+ Kb8 60. Bh2+ 1-0

[Event "Laval op"]
[Site "Laval"]
[Date "2017.06.25"]
[Round "4"]
[White "Saha, Ananda"]
[Black "Nikulich, Oleksandr"]
[Result "1/2-1/2"]
[WhiteElo "2013"]
[BlackElo "1988"]
[PlyCount "103"]
[EventDate "2017.06.23"]
[EventType "swiss"]
[EventRounds "5"]
[EventCountry "CAN"]
[SourceTitle "CBM 179 Extra"]
[Source "ChessBase"]
[SourceDate "2017.08.23"]
[SourceVersion "1"]
[SourceVersionDate "2017.08.23"]
[SourceQuality "1"]

1. Nf3 f5 2. g3 Nf6 3. Bg2 g6 4. d3 Bg7 5. 0-0 0-0 6. Nbd2 d6 7. c4 e5 8. Rb1 e4 9. dxe4 fxe4 10. Ng5 e3 11. fxe3 Qe7 12. Nde4 Nbd7 13. Nc3 Nb6 14. e4 h6 15. Nh3 Bxh3 16. Bxh3 Nxe4 17. Rxf8+ Rxf8 18. Nd5 Qf7 19. Nf4 Ng5 20. Bg2 Qxc4 21. Be3 Kh7 22. b3 Qc3 23. Bf2 Qf6 24. Qc2 Qf5 25. e4 Qf7 26. h4 Ne6 27. Nxe6 Qxe6 28. Qxc7 Rf7 29. Qc2 Nd7 30. Rd1 b6 31. h5 Be5 32. Qe2 g5 33. Bf3 Nf6 34. g4 Rc7 35. Kg2 Qc8 36. Rd2 Rc1 37. Bg3 Qc3 38. Bxe5 Qxe5 39. Qd3 Ne8 40. Qa6 Rc7 41. Qd3 Kg7 42. Qd5 Qxd5 43. exd5 Kf7 44. Re2 Re7 45. Rc2 Rc7 46. Re2 Nf6 47. Re6 Rc2+ 48. Kg3 Rxa2 49. Rxd6 Rb2 50. Rc6 Rxb3 51. Rc7+ Kg8 52. Rc8+ 1/2-1/2

[Event "Quebec-ch op"]
[Site "Montreal"]
[Date "2016.07.28"]
[Round "7"]
[White "Taborsky, Rostislav"]
[Black "Nikulich, Oleksandr"]
[Result "1/2-1/2"]
[WhiteElo "2180"]
[BlackElo "1984"]
[PlyCount "117"]
[EventDate "2016.07.23"]
[EventType "swiss"]
[EventRounds "8"]
[EventCountry "CAN"]
[SourceTitle "CBM 173 Extra"]
[Source "ChessBase"]
[SourceDate "2016.08.29"]
[SourceVersion "1"]
[SourceVersionDate "2016.08.29"]
[SourceQuality "1"]

1. d4 f5 2. g3 Nf6 3. Bg2 g6 4. Nh3 d6 5. Nc3 c6 6. Nf4 e5 7. dxe5 dxe5 8. Qxd8+ Kxd8 9. Nd3 e4 10. Bg5 Ke7 11. Nf4 Kf7 12. f3 exf3 13. Bxf3 Nbd7 14. Nd3 Bg7 15. 0-0 Re8 16. e4 fxe4 17. Nxe4 Nxe4 18. Bxe4+ Kg8 19. Rae1 Ne5 20. Nxe5 Bxe5 21. Bd3 Bd4+ 22. Kg2 Be6 23. Rxe6 Rxe6 24. Bc4 Rae8 25. Bf6 Bb6 26. Bc3 Bd8 27. Rd1 Bg5 28. h4 Bh6 29. Rd7 b5 30. Bxe6+ Rxe6 31. Rxa7 Re2+ 32. Kf3 Rxc2 33. g4 Bf8 34. a3 Rf2+ 35. Kg3 Bd6+ 36. Kxf2 Bc5+ 37. Kf3 Bxa7 38. b3 Kf7 39. a4 bxa4 40. bxa4 Ke6 41. Ke4 h5 42. gxh5 gxh5 43. a5 Kd7 44. Be1 Kc7 45. Kf5 Kb7 46. Kg5 Bc5 47. Kxh5 Be7 48. Kg4 Bxh4 49. Kxh4 c5 50. Kg5 c4 51. Kf5 c3 52. Bxc3 Ka8 53. Ke6 Kb7 54. Kd6 Ka8 55. Kc6 Ka7 56. Bd4+ Ka8 57. Kb6 Kb8 58. Be5+ Ka8 59. a6 1/2-1/2

[Event "Quebec-ch Amateur"]
[Site "Montreal"]
[Date "2014.10.12"]
[Round "5"]
[White "Le Duin, Thierry"]
[Black "Nikulich, Oleksandr"]
[Result "0-1"]
[WhiteElo "2070"]
[BlackElo "2006"]
[PlyCount "88"]
[EventDate "2014.10.10"]
[EventType "swiss"]
[EventRounds "7"]
[EventCountry "CAN"]
[SourceTitle "EXT 2022"]
[Source "ChessBase"]
[SourceDate "2021.10.06"]
[SourceVersion "1"]
[SourceVersionDate "2021.10.06"]
[SourceQuality "1"]

1. d4 f5 2. c4 Nf6 3. Nc3 g6 4. h3 d6 5. Bg5 Bg7 6. e3 0-0 7. Bd3 e5 8. Nge2 c6 9. 0-0 Be6 10. Rc1 Nbd7 11. b3 Kh8 12. Bb1 Bg8 13. Qc2 Qc7 14. Bh4 Nh5 15. Qd2 Rae8 16. Ng3 Nhf6 17. Rfd1 exd4 18. exd4 d5 19. c5 Re6 20. Re1 Rfe8 21. Rxe6 Rxe6 22. Bg5 Qd8 23. Re1 Qe8 24. Rxe6 Qxe6 25. Qe3 Qxe3 26. fxe3 Ne4 27. Ncxe4 dxe4 28. Ne2 Nf6 29. Nc3 Nd5 30. Nxd5 Bxd5 31. Kf2 Kg8 32. h4 h5 33. Ke2 Kf7 34. g3 Ke6 35. Kd2 Kd7 36. Kc3 b5 37. cxb6 axb6 38. Kb4 Bf8+ 39. Ka4 Kc7 40. Bf4+ Kb7 41. b4 Bc4 42. Bc2 Bxa2 43. b5 Bc4 44. bxc6+ Kxc6 0-1

[Event "Quebec-ch Amateur"]
[Site "Montreal"]
[Date "2014.10.11"]
[Round "3"]
[White "Hirschberg, Valerian"]
[Black "Nikulich, Oleksandr"]
[Result "1-0"]
[WhiteElo "2319"]
[BlackElo "2006"]
[PlyCount "133"]
[EventDate "2014.10.10"]
[EventType "swiss"]
[EventRounds "7"]
[EventCountry "CAN"]
[SourceTitle "EXT 2022"]
[Source "ChessBase"]
[SourceDate "2021.10.06"]
[SourceVersion "1"]
[SourceVersionDate "2021.10.06"]
[SourceQuality "1"]

1. Nf3 f5 2. d4 Nf6 3. g3 g6 4. Bg2 Bg7 5. b3 0-0 6. Bb2 d6 7. 0-0 Ne4 8. Nbd2 Nxd2 9. Qxd2 Qe8 10. c4 Nd7 11. d5 Bxb2 12. Qxb2 e5 13. dxe6 Qxe6 14. Ng5 Qf6 15. Qd2 Ne5 16. Nh3 Nf7 17. Nf4 c6 18. b4 a6 19. a4 Bd7 20. Rfd1 Rad8 21. a5 Bc8 22. Rac1 Ne5 23. Qc3 Kh8 24. Nd3 Nxd3 25. Rxd3 Qxc3 26. Rdxc3 Rfe8 27. e3 Kg8 28. b5 Bd7 29. bxc6 bxc6 30. Rd3 Re6 31. Rb1 Ra8 32. Rb6 Ra7 33. f4 Kf7 34. Kf2 Ke7 35. Rdb3 c5 36. Bd5 Rf6 37. Rb7 Rxb7 38. Bxb7 Rf8 39. Rb6 Rb8 40. Bxa6 Rxb6 41. axb6 Kd8 42. Ke2 Bc6 43. Kd3 Be4+ 44. Kc3 Kd7 45. Bb5+ Kc8 46. Be8 Kb7 47. Bf7 Kxb6 48. h4 Bf3 49. Bg8 h6 50. Bf7 Bh5 51. e4 Bf3 52. Bxg6 fxe4 53. Kd2 Kc7 54. Ke3 Kd7 55. Bxe4 Bg4 56. f5 Ke7 57. Kf4 Be2 58. Bd5 Kf6 59. g4 Bd3 60. g5+ hxg5+ 61. hxg5+ Kg7 62. f6+ Kf8 63. Ke3 Bg6 64. Be4 Bf7 65. Bd3 Be6 66. g6 Kg8 67. Kd2 1-0

[Event "Quebec-ch Amateur"]
[Site "Montreal"]
[Date "2014.10.11"]
[Round "2"]
[White "Nikulich, Oleksandr"]
[Black "Turcotte, Jonathan"]
[Result "1-0"]
[WhiteElo "2006"]
[BlackElo "2127"]
[PlyCount "63"]
[EventDate "2014.10.10"]
[EventType "swiss"]
[EventRounds "7"]
[EventCountry "CAN"]
[SourceTitle "EXT 2022"]
[Source "ChessBase"]
[SourceDate "2021.10.06"]
[SourceVersion "1"]
[SourceVersionDate "2021.10.06"]
[SourceQuality "1"]

1. e4 c6 2. Nc3 d5 3. Nf3 Bg4 4. h3 Bxf3 5. Qxf3 Nf6 6. d3 e6 7. g3 Bb4 8. Bd2 d4 9. Nb1 Bxd2+ 10. Nxd2 Nbd7 11. Bg2 0-0 12. 0-0 e5 13. Qe2 Ne8 14. f4 f6 15. Nf3 Nd6 16. fxe5 fxe5 17. Nh4 Qg5 18. Kh2 b5 19. Nf5 Nxf5 20. exf5 Rac8 21. h4 Qe7 22. a4 Nb6 23. axb5 cxb5 24. Ra5 Qc5 25. Rf2 Rc7 26. Qd2 Nd5 27. Bxd5+ Qxd5 28. Ra6 e4 29. dxe4 Qxe4 30. Rd6 Rxf5 31. Rd8+ Kf7 32. Rxd4 1-0

[Event "Canadian op U2400"]
[Site "Montreal"]
[Date "2014.07.19"]
[Round "1"]
[White "Nikulich, Oleksandr"]
[Black "Chabot, Roland"]
[Result "0-1"]
[WhiteElo "2008"]
[BlackElo "2198"]
[PlyCount "84"]
[EventDate "2014.07.19"]
[EventType "swiss"]
[EventRounds "9"]
[EventCountry "CAN"]
[SourceTitle "EXT 2022"]
[Source "ChessBase"]
[SourceDate "2021.10.06"]
[SourceVersion "1"]
[SourceVersionDate "2021.10.06"]
[SourceQuality "1"]

1. e4 d6 2. d4 Nf6 3. Nc3 e5 4. dxe5 dxe5 5. Qxd8+ Kxd8 6. Bc4 Ke8 7. Bg5 Nbd7 8. Nb5 Bd6 9. Nxd6+ cxd6 10. f3 Ke7 11. 0-0-0 Nb6 12. Bb3 Be6 13. Ne2 Rhd8 14. Nc3 a6 15. Rd3 h6 16. Bh4 g5 17. Bf2 Nc4 18. Rhd1 Rac8 19. Nd5+ Nxd5 20. exd5 Bf5 21. Rc3 Na5 22. Bb6 Nxb3+ 23. axb3 Re8 24. Rxc8 Rxc8 25. c4 Kd7 26. Kd2 Bg6 27. Kc3 Re8 28. Re1 f5 29. Bf2 f4 30. Bb6 h5 31. h3 e4 32. fxe4 Rxe4 33. Rf1 h4 34. Bd4 Re2 35. Rf2 Rxf2 36. Bxf2 Be4 37. Bd4 Ke7 38. c5 dxc5 39. Bxc5+ Kf6 40. d6 Ke6 41. d7 Kxd7 42. Bd4 Ke6 0-1

[Event "Montreal McGill op"]
[Site "Montreal"]
[Date "2014.05.03"]
[Round "3"]
[White "Nikulich, Oleksandr"]
[Black "Zhou, Qiyu"]
[Result "0-1"]
[WhiteElo "2070"]
[BlackElo "2103"]
[PlyCount "78"]
[EventDate "2014.05.02"]
[EventType "swiss"]
[EventRounds "5"]
[EventCountry "CAN"]
[SourceTitle "EXT 2015"]
[Source "ChessBase"]
[SourceDate "2014.11.20"]
[SourceVersion "1"]
[SourceVersionDate "2014.11.20"]
[SourceQuality "1"]

1. e4 e5 2. Nf3 Nc6 3. d4 exd4 4. Bc4 Nf6 5. 0-0 d6 6. Nxd4 Be7 7. Nc3 0-0 8. f3 Ne5 9. Be2 c5 10. Nb3 a6 11. Kh1 b5 12. Nd5 Nxd5 13. Qxd5 Be6 14. Qd1 Nc6 15. Be3 Qc7 16. f4 Bf6 17. c3 Rfe8 18. Bf3 Rad8 19. Qd2 Bc8 20. Rad1 Bb7 21. Rfe1 Na5 22. Bg1 Nc4 23. Qc2 g6 24. Nd2 Nb6 25. Nf1 Bg7 26. Ne3 Re7 27. f5 Rde8 28. h3 Nd7 29. c4 Ne5 30. b3 b4 31. Bh2 Rd7 32. Rf1 Qd8 33. Nd5 Bxd5 34. exd5 Qg5 35. Be4 Rde7 36. fxg6 fxg6 37. Bf3 Nxf3 38. Rxf3 Re2 39. Rg3 Re1+ 0-1

[Event "Montreal McGill op"]
[Site "Montreal"]
[Date "2014.05.02"]
[Round "1"]
[White "Nikulich, Oleksandr"]
[Black "Chiku Ratte, Olivier Kenta"]
[Result "1-0"]
[WhiteElo "2070"]
[BlackElo "2234"]
[PlyCount "91"]
[EventDate "2014.05.02"]
[EventType "swiss"]
[EventRounds "5"]
[EventCountry "CAN"]
[SourceTitle "EXT 2015"]
[Source "ChessBase"]
[SourceDate "2014.11.20"]
[SourceVersion "1"]
[SourceVersionDate "2014.11.20"]
[SourceQuality "1"]

1. e4 c5 2. Ne2 Nc6 3. d4 cxd4 4. Nxd4 Nf6 5. Nc3 d6 6. Bg5 e6 7. Qd2 Be7 8. 0-0-0 d5 9. exd5 Nxd5 10. Nxc6 bxc6 11. Bxe7 Qxe7 12. Ne4 0-0 13. c4 Nb6 14. Qd6 Qh4 15. f3 Ba6 16. b3 Rfd8 17. Qg3 Rxd1+ 18. Kxd1 Rd8+ 19. Kc2 Qe7 20. Qg5 f6 21. Qc5 Qxc5 22. Nxc5 Bc8 23. Bd3 Kf7 24. Be4 Nd7 25. Nxd7 Bxd7 26. Rd1 Ke7 27. c5 Be8 28. Rxd8 Kxd8 29. Kc3 Ke7 30. f4 g5 31. fxg5 fxg5 32. Bxh7 Kf6 33. Kd4 e5+ 34. Ke3 Bd7 35. Be4 g4 36. g3 Ke7 37. b4 Ke6 38. a4 Be8 39. Bc2 Bd7 40. Bb3+ Kf5 41. Bc4 Bc8 42. b5 Bb7 43. Bd3+ Ke6 44. Be4 Kd7 45. Bf5+ Kc7 46. Bxg4 1-0

[Event "Montreal Varennes op"]
[Site "Montreal"]
[Date "2013.11.10"]
[Round "4"]
[White "Nicula, Marius"]
[Black "Nikulich, Oleksandr"]
[Result "1/2-1/2"]
[WhiteElo "2210"]
[BlackElo "2098"]
[PlyCount "55"]
[EventDate "2013.11.08"]
[EventType "swiss"]
[EventRounds "5"]
[EventCountry "CAN"]
[SourceTitle "EXT 2022"]
[Source "ChessBase"]
[SourceDate "2021.10.06"]
[SourceVersion "1"]
[SourceVersionDate "2021.10.06"]
[SourceQuality "1"]

1. c4 e6 2. Nf3 d5 3. d4 Nf6 4. g3 Be7 5. Bg2 0-0 6. 0-0 dxc4 7. Qc2 a6 8. a4 c5 9. dxc5 Bxc5 10. Nbd2 Nc6 11. Nxc4 Qe7 12. Bf4 h6 13. Nce5 Nxe5 14. Nxe5 Bd6 15. Rfd1 Bb8 16. Nd3 e5 17. Be3 Bd6 18. Bc5 Rb8 19. Bxd6 Qxd6 20. Qc3 Re8 21. Nc5 Qe7 22. Rac1 b6 23. Ne4 Nxe4 24. Bxe4 Bg4 25. Bf3 Rec8 26. Qe3 Bxf3 27. exf3 Qb4 28. b3 1/2-1/2

[Event "Montreal Varennes op"]
[Site "Montreal"]
[Date "2013.11.10"]
[Round "5"]
[White "Nikulich, Oleksandr"]
[Black "Villeneuve, Robert"]
[Result "1/2-1/2"]
[WhiteElo "2098"]
[BlackElo "1948"]
[PlyCount "74"]
[EventDate "2013.11.08"]
[EventType "swiss"]
[EventRounds "5"]
[EventCountry "CAN"]
[SourceTitle "EXT 2022"]
[Source "ChessBase"]
[SourceDate "2021.10.06"]
[SourceVersion "1"]
[SourceVersionDate "2021.10.06"]
[SourceQuality "1"]

1. e4 c5 2. Ne2 Nc6 3. d4 cxd4 4. Nxd4 g6 5. c4 Bg7 6. Be3 Nf6 7. Nc3 Ng4 8. Qxg4 Nxd4 9. Qd1 Ne6 10. Qd2 d6 11. Be2 Bd7 12. h4 h5 13. f4 Qa5 14. Rc1 Bxc3 15. Qxc3 Qxc3+ 16. Rxc3 Nc5 17. Bf3 Bc6 18. e5 Bxf3 19. gxf3 b6 20. exd6 exd6 21. Kf2 Ne6 22. Rd1 Ke7 23. Rcd3 Rhd8 24. Rd5 Ng7 25. Ke2 Nf5 26. Bf2 Rac8 27. b3 Re8 28. a4 Kd7+ 29. Kf1 Kc7 30. R1d3 Re6 31. a5 Rce8 32. Rb5 Re2 33. axb6+ axb6 34. Rd1 Ra2 35. Re1 Rxe1+ 36. Kxe1 Ra1+ 37. Ke2 Ra2+ 1/2-1/2

[Event "Elite-ch POM"]
[Site "Montreal"]
[Date "2013.10.13"]
[Round "4"]
[White "Zhou, Qiyu"]
[Black "Nikulich, Oleksandr"]
[Result "1/2-1/2"]
[WhiteElo "2030"]
[BlackElo "2100"]
[PlyCount "119"]
[EventDate "2013.10.11"]
[EventType "swiss"]
[EventRounds "7"]
[EventCountry "CAN"]
[SourceTitle "EXT 2022"]
[Source "ChessBase"]
[SourceDate "2021.10.06"]
[SourceVersion "1"]
[SourceVersionDate "2021.10.06"]
[SourceQuality "1"]

1. d4 Nf6 2. Nf3 d5 3. e3 Bf5 4. b3 e6 5. Bb2 Bd6 6. Be2 0-0 7. 0-0 Nbd7 8. c4 c6 9. Nbd2 Qe7 10. Ne5 Ne4 11. Nxe4 Bxe4 12. Qd2 Nxe5 13. dxe5 Bc7 14. f3 Bf5 15. Rfd1 Rad8 16. Qc1 Qg5 17. f4 Qg6 18. c5 Be4 19. g3 f6 20. exf6 gxf6 21. Qc3 e5 22. Bd3 exf4 23. Bxe4 dxe4 24. Rxd8 Rxd8 25. exf4 Bxf4 26. Qxf6 Be3+ 27. Kh1 Qxf6 28. Bxf6 Rd5 29. Re1 Bxc5 30. Rxe4 Rd1+ 31. Kg2 Rd2+ 32. Kh3 Rxa2 33. Bd4 Bxd4 34. Rxd4 Rf2 35. Kg4 Kg7 36. h4 Rf7 37. Kh5 Rf5+ 38. Kg4 Rd5 39. Re4 Rd7 40. Kf5 c5 41. g4 b5 42. Re5 Rc7 43. Ke6 c4 44. Kd6 Rc8 45. Kd7 Rb8 46. Rg5+ Kh8 47. bxc4 bxc4 48. Rc5 Rb4 49. Ke6 c3 50. Rxc3 Rxg4 51. h5 Rg8 52. Rc6 Ra8 53. Ra6 Kg7 54. Kf5 h6 55. Rg6+ Kh7 56. Ra6 Rf8+ 57. Ke6 Re8+ 58. Kf6 Rf8+ 59. Ke6 Re8+ 60. Kf6 1/2-1/2